000 00282nam a22001097a 4500
003 OSt
005 20240401203208.0
008 240401b |||||||| |||| 00| 0 eng d
040 _cCO-JMCR
245 _aCuentos para despertar :
_bhistorias que inspiran y reconfortan /
942 _2ddc
_cBK
999 _c30723
_d17107